[Event "Nordisk Mesterskab 1999"]
[Site "Gentofte"]
[Date "1999.08.18"]
[Round "12"]
[White "Gretarsson, Helgi Ass"]
[Black "Gunnarsson, Jon Viktor"]
[Result "1-0"]
[WhiteElo "2521"]
[BlackElo "2411"]
[PlyCount "67"]
[EventDate "1999.08.06"]
[EventType "tourn"]
[EventRounds "13"]
[EventCountry "DEN"]

1. d4 Nf6 2. c4 c5 3. d5 b5 4. cxb5 a6 5. f3 axb5 6. e4 Qa5+ 7. b4 Qxb4+ 8. Bd2
Qa4 9. Qc1 b4 10. Qxc5 Na6 11. Bxa6 e6 12. d6 Bxa6 13. Qxb4 Qc6 14. e5 Nd5 15.
Qb3 Bxd6 16. exd6 Qxd6 17. Nc3 Qe5+ 18. Kf2 Qd4+ 19. Kg3 g5 20. h4 Qxd2 21.
Nxd5 gxh4+ 22. Rxh4 Qg5+ 23. Kh3 Qxd5 24. Qxd5 exd5 25. g4 Bc4 26. a4 f6 27.
Kg3 O-O 28. Nh3 Ra5 29. Nf4 Ra6 30. Rh5 Rd6 31. Rc1 Ra8 32. Rch1 Rxa4 33. Rxh7
f5 34. g5 1-0

[Event "Nordisk Mesterskab 1999"]
[Site "Gentofte"]
[Date "1999.08.18"]
[Round "12"]
[White "Hector, Jonny"]
[Black "Olafsson, Helgi"]
[Result "0-1"]
[WhiteElo "2505"]
[BlackElo "2494"]
[PlyCount "78"]
[EventDate "1999.08.06"]
[EventType "tourn"]
[EventRounds "13"]
[EventCountry "DEN"]

1. e4 e6 2. d4 d5 3. Nd2 dxe4 4. Nxe4 Nd7 5. Ng5 Ngf6 6. Bc4 c6 7. Qe2 Nb6 8.
Bd3 h6 9. N5f3 c5 10. Be3 Qc7 11. Ne5 cxd4 12. Bxd4 a6 13. Ng6 fxg6 14. Bxg6+
Kd8 15. O-O-O Bd7 16. Nf3 Bd6 17. Ne5 Bxe5 18. Bxe5 Qc4 19. Qf3 Nbd5 20. Rd4
Qxa2 21. Rhd1 Rc8 22. c3 Qa1+ 23. Bb1 Rf8 24. Rg4 Nh7 25. Qg3 g5 26. h4 Nhf6
27. Qf3 Ke7 28. Rgd4 Ba4 29. hxg5 hxg5 30. R1d3 Bb3 31. Rb4 Ba2 32. Bxf6+ Rxf6
33. Rxb7+ Rc7 34. Rxc7+ Nxc7 35. Qb7 Qxb1+ 36. Kd2 Rxf2+ 37. Ke3 Qe1+ 38. Kd4
Rf4+ 39. Kc5 Rc4+ 0-1

[Event "Nordisk Mesterskab 1999"]
[Site "Gentofte"]
[Date "1999.08.18"]
[Round "12"]
[White "Schandorff, Lars"]
[Black "Hansen, Torbjorn Ringdal"]
[Result "1-0"]
[WhiteElo "2514"]
[BlackElo "2259"]
[PlyCount "73"]
[EventDate "1999.08.06"]
[EventType "tourn"]
[EventRounds "13"]
[EventCountry "DEN"]

1. Nf3 Nf6 2. c4 c5 3. Nc3 Nc6 4. g3 g6 5. Bg2 Bg7 6. d4 cxd4 7. Nxd4 Nxd4 8.
Qxd4 O-O 9. O-O d6 10. Qd3 a6 11. Be3 Qa5 12. h3 Be6 13. Rac1 Rac8 14. b3 Rfe8
15. Bd4 Rc7 16. e4 Rec8 17. f4 b5 18. Qe3 Rb8 19. f5 Bd7 20. e5 dxe5 21. Bxe5
bxc4 22. Bxc7 Qxc7 23. fxg6 hxg6 24. Nd5 Nxd5 25. Bxd5 e6 26. Rxc4 Qd6 27. Qf3
f5 28. Bc6 Bd4+ 29. Kg2 Rb4 30. Bxd7 Rxc4 31. Bxe6+ Qxe6 32. bxc4 Qxc4 33. Qb3
Qxb3 34. axb3 Kf7 35. Rf4 Bc3 36. Rc4 Bd2 37. Rc7+ 1-0

[Event "Nordisk Mesterskab 1999"]
[Site "Gentofte"]
[Date "1999.08.18"]
[Round "12"]
[White "Olsen, Heini"]
[Black "Akesson, Ralf"]
[Result "1-0"]
[WhiteElo "2292"]
[BlackElo "2535"]
[PlyCount "121"]
[EventDate "1999.08.06"]
[EventType "tourn"]
[EventRounds "13"]
[EventCountry "DEN"]

1. d4 e6 2. Nf3 c5 3. e3 Nf6 4. Bd3 b6 5. O-O Bb7 6. c4 d6 7. Nc3 Nbd7 8. b3
Be7 9. Bb2 a6 10. Qe2 O-O 11. Rad1 Re8 12. Ng5 h6 13. Nge4 cxd4 14. exd4 d5 15.
Ng3 dxc4 16. bxc4 Rc8 17. Rfe1 Bf8 18. Qd2 g6 19. Nge4 Qc7 20. h3 Bg7 21. Bf1
Red8 22. Qe3 Nxe4 23. Nxe4 Nb8 24. Rd2 Bxe4 25. Qxe4 Rd6 26. Red1 Rcd8 27. Ba3
R6d7 28. d5 e5 29. Qe3 Rc8 30. Rb1 b5 31. cxb5 Qb7 32. d6 e4 33. Bb2 Bxb2 34.
Rbxb2 Rc1 35. Rd4 Ra1 36. Rxe4 Kh7 37. Qd4 Rxd6 38. Qxd6 Qxe4 39. Qxb8 Qc4 40.
bxa6 Qxf1+ 41. Kh2 Qxa6 42. Qe5 Qe6 43. Qxe6 fxe6 44. Kg3 Kg7 45. Kf3 Kf6 46.
Ke3 g5 47. Kd3 Rg1 48. f3 h5 49. Kc3 Kf5 50. a4 Kf4 51. Ra2 Rc1+ 52. Kd3 Rc6
53. a5 Ra6 54. Kc4 Kg3 55. Kb5 Ra8 56. a6 h4 57. Kb6 e5 58. a7 Rh8 59. Kc6 Rg8
60. Kd5 Ra8 61. Kxe5 1-0

[Event "Nordisk Mesterskab 1999"]
[Site "Gentofte"]
[Date "1999.08.18"]
[Round "12"]
[White "Westerinen, Heikki"]
[Black "Borge, Nikolaj"]
[Result "1/2-1/2"]
[WhiteElo "2382"]
[BlackElo "2426"]
[PlyCount "96"]
[EventDate "1999.08.06"]
[EventType "tourn"]
[EventRounds "13"]
[EventCountry "DEN"]

1. e4 c5 2. Nf3 e6 3. Nc3 a6 4. g3 Nc6 5. Bg2 Nge7 6. O-O d6 7. d3 h6 8. Be3 g5
9. Ne2 Bg7 10. d4 g4 11. Ne1 cxd4 12. Nxd4 Ne5 13. Qe2 Qc7 14. Rd1 Bd7 15. b3
O-O-O 16. f4 gxf3 17. Nexf3 N5g6 18. Qf2 Kb8 19. c4 Nc8 20. Rd2 Bf8 21. Rfd1
Be7 22. Rc2 h5 23. Qd2 Rdg8 24. Ne2 Bc6 25. Nfd4 h4 26. Nxc6+ bxc6 27. c5 d5
28. exd5 exd5 29. Nf4 Bg5 30. Qb4+ Ka7 31. Nxd5 Bxe3+ 32. Nxe3 hxg3 33. hxg3
Nf8 34. Nf5 Rh5 35. Rf2 Ne6 36. Nd6 a5 37. Qc3 Rxc5 38. Nxc8+ Rxc8 39. Qf3 Ng5
40. Qe3 Qe5 41. Qxe5 Rxe5 42. Rc1 Kb6 43. Rf6 Ne6 44. Rxf7 Nd4 45. Rc4 Rd8 46.
Rf6 Rc5 47. Rxc5 Kxc5 48. Kf2 a4 1/2-1/2

[Event "Nordisk Mesterskab 1999"]
[Site "Gentofte"]
[Date "1999.08.19"]
[Round "13"]
[White "Gunnarsson, Jon Viktor"]
[Black "Hansen, Sune Berg"]
[Result "1/2-1/2"]
[WhiteElo "2411"]
[BlackElo "2558"]
[PlyCount "90"]
[EventDate "1999.08.06"]
[EventType "tourn"]
[EventRounds "13"]
[EventCountry "DEN"]

1. e4 c5 2. Nf3 Nc6 3. d4 cxd4 4. Nxd4 Nf6 5. Nc3 e5 6. Ndb5 d6 7. Nd5 Nxd5 8.
exd5 Nb8 9. c4 Be7 10. Be2 a6 11. Nc3 O-O 12. Be3 f5 13. f3 Bg5 14. Bf2 Nd7 15.
O-O Bf4 16. g3 Qg5 17. b4 Be3 18. Qd3 Bxf2+ 19. Rxf2 a5 20. Nb5 axb4 21. Nxd6
Nc5 22. Qb1 Qe3 23. Qxb4 f4 24. a4 Bh3 25. Ra3 Qc1+ 26. Bf1 e4 27. Qb2 Qxb2 28.
Rxb2 Bxf1 29. Kxf1 fxg3 30. hxg3 Nd3 31. Rbb3 Rxf3+ 32. Kg2 Re3 33. Kh2 Ra6 34.
Nxe4 Rh6+ 35. Kg1 Re1+ 36. Kg2 Ne5 37. Nf2 Nxc4 38. Ra2 Ne3+ 39. Rxe3 Rxe3 40.
Ng4 Rd3 41. Nxh6+ gxh6 42. Rb2 Rxd5 43. Rxb7 Ra5 44. Rb4 Kf7 45. Kf3 h5 1/2-1/2

[Event "Nordisk Mesterskab 1999"]
[Site "Gentofte"]
[Date "1999.08.19"]
[Round "13"]
[White "Hansen, Torbjorn Ringdal"]
[Black "Westerinen, Heikki"]
[Result "1/2-1/2"]
[WhiteElo "2259"]
[BlackElo "2382"]
[PlyCount "121"]
[EventDate "1999.08.06"]
[EventType "tourn"]
[EventRounds "13"]
[EventCountry "DEN"]

1. c4 e5 2. Nc3 f5 3. d4 exd4 4. Qxd4 Nf6 5. Bg5 Be7 6. Nh3 c6 7. e3 O-O 8. Rd1
Na6 9. Bf4 Ne8 10. Be2 Nc5 11. O-O Ne6 12. Qd2 Nxf4 13. Nxf4 Nf6 14. Bf3 Qc7
15. Qc2 d6 16. Rfe1 g5 17. Nd3 Be6 18. e4 Rae8 19. Qd2 h6 20. h4 Ng4 21. hxg5
Bxg5 22. Qc2 Qf7 23. c5 dxc5 24. Nxc5 Bc8 25. exf5 Bxf5 26. Qa4 Qh5 27. Qc4+
Kg7 28. Bxg4 Bxg4 29. Ne6+ Rxe6 30. Rxe6 Bxd1 31. Qd4+ Bf6 32. Rxf6 Rxf6 33.
Ne4 Qg6 34. Nxf6 Qxf6 35. Qxd1 Qxb2 36. Qd7+ Kg6 37. Qg4+ Kf6 38. Qf4+ Kg7 39.
Qg4+ Kf7 40. Qh5+ Ke7 41. Qh4+ Kd7 42. Qxh6 c5 43. Qh7+ Kc6 44. Qe4+ Kb6 45.
Qc4 Qb1+ 46. Kh2 Qb4 47. Qe6+ Ka5 48. g4 Qd4 49. Qf5 b5 50. g5 c4 51. g6 c3 52.
Kg2 Kb4 53. Qg5 Qe4+ 54. Kg3 Qd3+ 55. f3 Qd6+ 56. Kh3 Qe6+ 57. Kg3 Qe1+ 58. Kg2
Qe2+ 59. Kg3 Qe1+ 60. Kg2 Qe2+ 61. Kg3 1/2-1/2

[Event "Nordisk Mesterskab 1999"]
[Site "Gentofte"]
[Date "1999.08.19"]
[Round "13"]
[White "Akesson, Ralf"]
[Black "Schandorff, Lars"]
[Result "1/2-1/2"]
[WhiteElo "2535"]
[BlackElo "2514"]
[PlyCount "149"]
[EventDate "1999.08.06"]
[EventType "tourn"]
[EventRounds "13"]
[EventCountry "DEN"]

1. b4 c6 2. e3 d5 3. Bb2 Nf6 4. c4 g6 5. cxd5 cxd5 6. Bxf6 exf6 7. Nf3 Bxb4 8.
Qa4+ Nc6 9. Bb5 Qd6 10. O-O Bc5 11. Rc1 Bd7 12. d4 Bb6 13. Nc3 O-O 14. Qd1 Ba5
15. Na4 a6 16. Be2 Ne7 17. Rab1 b6 18. Qb3 Rfc8 19. Rxc8+ Nxc8 20. g3 Qc6 21.
Nb2 Nd6 22. Nd3 Nc4 23. Rc1 b5 24. Nc5 Bg4 25. Kg2 Bb6 26. Nd3 Qd7 27. Ng1 Be6
28. Nf4 Bc7 29. Nxe6 fxe6 30. a4 Bd6 31. axb5 axb5 32. Rb1 Ra5 33. Nf3 Qc6 34.
Rc1 Ra3 35. Qb1 Qa6 36. e4 Ra2 37. Bd3 Kg7 38. exd5 exd5 39. Re1 Rb2 40. Qd1
Qa2 41. Re2 Rxe2 42. Qxe2 Qxe2 43. Bxe2 Bb4 44. Kf1 Kf7 45. Bd3 Bc3 46. Ke2 Na3
47. Ke3 Ke6 48. Be2 Nc4+ 49. Kd3 b4 50. h3 Kd6 51. h4 Kc6 52. g4 Kb5 53. g5 f5
54. h5 gxh5 55. Nh4 Be1 56. Bxh5 b3 57. Nxf5 b2 58. Kc2 Bc3 59. Be2 Kb4 60.
Bxc4 Kxc4 61. Nd6+ Kb4 62. Nf5 Ka3 63. Kb1 Bd2 64. g6 hxg6 65. Ne7 Bc3 66. Nxg6
Kb3 67. Nf4 Kc4 68. Ne6 Kd3 69. f4 Kc4 70. Kc2 Bxd4 71. Nxd4 Kxd4 72. Kxb2 Kc5
73. Kc3 d4+ 74. Kd2 Kd5 75. Kd3 1/2-1/2

[Event "Nordisk Mesterskab 1999"]
[Site "Gentofte"]
[Date "1999.08.19"]
[Round "13"]
[White "Borge, Nikolaj"]
[Black "Gausel, Einar"]
[Result "1/2-1/2"]
[WhiteElo "2426"]
[BlackElo "2500"]
[PlyCount "96"]
[EventDate "1999.08.06"]
[EventType "tourn"]
[EventRounds "13"]
[EventCountry "DEN"]

1. e4 c6 2. c4 d5 3. exd5 cxd5 4. cxd5 Nf6 5. Nc3 Nxd5 6. Nf3 Nc6 7. Bb5 e6 8.
O-O Be7 9. d4 O-O 10. Qe2 Qc7 11. Rd1 Rd8 12. Qe4 Ncb4 13. Bg5 Bxg5 14. Nxg5
Nf6 15. Qe5 Qe7 16. Nge4 Nfd5 17. a3 Nxc3 18. Nxc3 Nd5 19. Bd3 Nxc3 20. bxc3
Rd5 21. Qe4 g6 22. c4 Rh5 23. Be2 Rf5 24. Bg4 Ra5 25. c5 e5 26. Bxc8 Rxc8 27.
f4 b6 28. cxb6 axb6 29. fxe5 Rxa3 30. Rxa3 Qxa3 31. e6 Qb3 32. exf7+ Qxf7 33.
d5 Rf8 34. h3 Qf5 35. Qe2 Qd7 36. d6 b5 37. Qa2+ Qf7 38. Qd2 Qd7 39. Qd5+ Kg7
40. Qe5+ Rf6 41. Qd4 h5 42. Qc5 Re6 43. Qd4+ Rf6 44. h4 Kf7 45. Qd5+ Kg7 46.
Qe4 Qa7+ 47. Kh2 Qd7 48. Kh1 Rf5 1/2-1/2

[Event "Nordisk Mesterskab 1999"]
[Site "Gentofte"]
[Date "1999.08.19"]
[Round "13"]
[White "Persson, Tiger Hillarp"]
[Black "Hector, Jonny"]
[Result "1-0"]
[WhiteElo "2507"]
[BlackElo "2505"]
[PlyCount "80"]
[EventDate "1999.08.06"]
[EventType "tourn"]
[EventRounds "13"]
[EventCountry "DEN"]

1. g3 d5 2. Bg2 c6 3. Nf3 Bg4 4. O-O Nd7 5. d3 e5 6. e4 dxe4 7. dxe4 Ngf6 8.
Nbd2 Qc7 9. h3 Bxf3 10. Qxf3 Nc5 11. a4 Be7 12. Nc4 O-O 13. Qe2 Ne6 14. c3 Rad8
15. b4 b5 16. Ne3 a5 17. axb5 axb4 18. bxc6 Qxc6 19. Nf5 Rfe8 20. Nxe7+ Rxe7
21. cxb4 Nd4 22. Qb2 Rb7 23. Be3 Qc4 24. Rab1 Rdb8 25. Qd2 Rxb4 26. Rxb4 Rxb4
27. Kh2 h6 28. Rc1 Qb5 29. Rc8+ Kh7 30. Qa2 Qb7 31. Rd8 Ne6 32. Ra8 Rb2 33. Qa4
Rb4 34. Qa3 Rb3 35. Qa1 Rb1 36. Ra7 Qb3 37. Qxe5 Qd1 38. f4 Qh5 39. Qxh5 Nxh5
40. Rxf7 Rb3 1-0